Women and Craft / (Record no. 588607)

000 -LEADER
fixed length control field 00328nam a22001097a 4500
020 ## - INTERNATIONAL STANDARD BOOK NUMBER
International Standard Book Number 0860685403
082 ## - DEWEY DECIMAL CLASSIFICATION NUMBER
Classification number 305.9
245 ## - TITLE STATEMENT
Title Women and Craft /
Statement of responsibility, etc. Edited by Gillian Elinor, Su Richardson, Sue Scott, Angharad Thomas and Kate Walker
260 ## - PUBLICATION, DISTRIBUTION, ETC.
Place of publication, distribution, etc. London :
Name of publisher, distributor, etc. Virago Press,
Date of publication, distribution, etc. 1987.
300 ## - PHYSICAL DESCRIPTION
Extent 191p. ;
Dimensions 23 cm.
942 ## - ADDED ENTRY ELEMENTS (KOHA)
Source of classification or shelving scheme
Koha item type Book
Holdings
Withdrawn status Lost status Source of classification or shelving scheme Damaged status Not for loan Permanent Location Current Location Shelving location Date acquired Source of acquisition Total Checkouts Full call number Barcode Date last seen Price effective from Koha item type
          Central Library (CL) Central Library (CL) Sociology 03/06/2022 Donated by Student Affairs NUST   305.9 WOM CL-D-1478 03/06/2022 03/06/2022 Book
© 2023 Central Library, National University of Sciences and Technology. All Rights Reserved.